[Event "Fujairah Global Superstar"]
[Site "Fujairah City UAE"]
[Date "2025.08.30"]
[Round "7.17"]
[White "Kozak, Adam"]
[Black "Dardha, Daniel"]
[Result "1/2-1/2"]
[WhiteTitle "GM"]
[BlackTitle "GM"]
[WhiteElo "2586"]
[BlackElo "2616"]
[WhiteFideId "753246"]
[BlackFideId "240990"]
[EventDate "2025.08.25"]

1. e4 e5 2. Nf3 Nc6 3. Bb5 Nf6 4. O-O Nxe4 5. Re1 Nd6 6. Nxe5 Be7 7. Bf1 Nxe5 8.
Rxe5 O-O 9. d4 Bf6 10. Re2 Nc4 11. b3 Nb6 12. a4 a5 13. Nc3 d5 14. Ba3 Re8 15.
Rxe8+ Qxe8 16. Bc5 Be6 17. Bxb6 cxb6 18. Nb5 Qd7 19. Bd3 Bg4 20. Qd2 Re8 21. Re1
Rxe1+ 22. Qxe1 g6 23. h3 Be6 24. Qe3 Qd8 25. Kh2 Kg7 26. g3 Bd7 27. Nc3 Be6 28.
Nb5 Bd7 29. h4 Qe7 30. Qxe7 Bxe7 31. Kg2 Bxb5 32. Bxb5 1/2-1/2

[Event "Fujairah Global Superstar"]
[Site "Fujairah City UAE"]
[Date "2025.08.30"]
[Round "7.18"]
[White "Motylev, Alexander"]
[Black "Piorun, Kacper"]
[Result "1-0"]
[WhiteTitle "GM"]
[BlackTitle "GM"]
[WhiteElo "2595"]
[BlackElo "2568"]
[WhiteFideId "4121830"]
[BlackFideId "1130420"]
[EventDate "2025.08.25"]

1. Nf3 d5 2. c4 e6 3. g3 d4 4. Bg2 c5 5. O-O Nc6 6. e3 e5 7. exd4 exd4 8. Re1+
Be7 9. d3 Nf6 10. Bf4 O-O 11. Na3 Bd6 12. Ne5 Nxe5 13. Bxe5 a6 14. Qd2 Ng4 15.
Bxd6 Qxd6 16. Qg5 h6 17. Qe7 Qb6 18. Rab1 Qa5 19. h3 Nf6 20. Re5 Qd2 21. Qxc5
Qxd3 22. Bf1 Qg6 23. Qxd4 Bf5 24. Rbe1 Rad8 25. Qf4 Bd3 26. Bg2 Nh7 27. Qe3 Ng5
28. h4 Ne6 29. Bxb7 Rb8 30. h5 Qf6 31. Qxd3 Rxb7 32. b3 Ng5 33. f4 Ne6 34. Nc2
Rd8 35. Rd5 Rbb8 36. Ree5 Nc7 37. Rxd8+ Rxd8 38. Qe2 Qb6+ 39. Kh2 Ne6 40. Rd5
Re8 41. Nd4 Nc7 42. Re5 Rxe5 43. Qxe5 f6 44. Qe4 Qc5 45. Nf5 Qf2+ 46. Qg2 Qe1
47. Qc2 Qe8 48. Qd1 Qe4 49. Nd4 Kf7 50. Kg1 Qe3+ 51. Kg2 Ne8 52. Nf3 Kf8 53. Qd2
Qe4 54. Qd1 f5 55. Qe1 Qc2+ 56. Qf2 Qd3 57. Qc5+ Nd6 58. Nd4 Qe4+ 59. Kh2 Qe7
60. Qe5 Qd7 61. Qe6 Qxe6 62. Nxe6+ Kf7 63. Nd4 Ne4 64. Nxf5 Nf6 65. b4 Nxh5 66.
a4 Nf6 67. b5 axb5 68. cxb5 g6 69. Nd4 Ke7 70. a5 Kd6 71. b6 Nd7 72. Nf3 Nb8 73.
Ne5 g5 74. Nf7+ Kc6 75. f5 Kd5 76. Kh3 1-0

[Event "Fujairah Global Superstar"]
[Site "Fujairah City UAE"]
[Date "2025.08.30"]
[Round "7.19"]
[White "Socko, Bartosz"]
[Black "Narayanan, S.L."]
[Result "0-1"]
[WhiteTitle "GM"]
[BlackTitle "GM"]
[WhiteElo "2574"]
[BlackElo "2595"]
[WhiteFideId "1107038"]
[BlackFideId "5058422"]
[EventDate "2025.08.25"]

1. e4 c5 2. Nf3 d6 3. d4 cxd4 4. Nxd4 Nf6 5. Nc3 a6 6. Be3 e5 7. Nb3 Be7 8. Qd2
Ng4 9. g3 Nd7 10. Nd5 Nxe3 11. Qxe3 Nf6 12. Bc4 O-O 13. O-O-O Bg4 14. Nxe7+ Qxe7
15. f3 b5 16. Bd5 Nxd5 17. exd5 Bd7 18. f4 Rfe8 19. Na5 Qd8 20. Qd2 e4 21. Qb4
Rc8 22. Rhe1 Qb6 23. Rd4 e3 24. c3 h5 25. Nb3 Bf5 26. Na5 Qc7 27. Nc6 Qd7 28. b3
Rxc6 29. dxc6 Qxc6 30. Kb2 Qg2+ 31. Ka3 Qxh2 32. Qxd6 Qxg3 33. Qc6 Rc8 34. Qh1
e2 35. Rxe2 Qxc3 36. Qd5 Qa5+ 37. Kb2 Qc3+ 38. Ka3 g6 39. Rd1 Qa5+ 40. Kb2 Qc3+
41. Ka3 Rc4 42. Re8+ Kg7 43. Qe5+ Qxe5 44. fxe5 Re4 45. Rdd8 Be6 46. Rg8+ Kh6
47. Rh8+ Kg5 48. Ra8 b4+ 49. Ka4 Re2 50. Kxb4 Rxa2 51. Kc3 h4 52. b4 Kg4 53. Rh6
h3 54. Re8 h2 55. Reh8 Kg3 56. Kd4 Bg4 57. Kc5 Bh5 58. Rxh5 gxh5 59. Rxh5 Ra1
60. Kd4 0-1

[Event "Fujairah Global Superstar"]
[Site "Fujairah City UAE"]
[Date "2025.08.30"]
[Round "7.20"]
[White "Pranav, Anand"]
[Black "Bharath, Subramaniyam H"]
[Result "1/2-1/2"]
[WhiteTitle "GM"]
[BlackTitle "GM"]
[WhiteElo "2590"]
[BlackElo "2562"]
[WhiteFideId "46626786"]
[BlackFideId "46634827"]
[EventDate "2025.08.25"]

1. e4 e5 2. Nf3 Nc6 3. Bb5 Nge7 4. Nc3 Ng6 5. d4 Nxd4 6. Nxd4 exd4 7. Qxd4 c6 8.
Be2 Qb6 9. Qd3 Be7 10. O-O O-O 11. a4 d6 12. a5 Qc7 13. f4 f5 14. Qc4+ Kh8 15.
Nd5 Qd8 16. Nxe7 Qxe7 17. Bd3 fxe4 18. Qxe4 Bf5 19. Qxe7 Nxe7 20. Rd1 Rae8 21.
g3 Bxd3 22. Rxd3 Nf5 23. Kf2 h5 24. Bd2 Kg8 25. Re1 Rxe1 26. Bxe1 Re8 27. Bc3
Kf7 28. Kf3 d5 29. h3 Re4 30. b3 c5 31. g4 hxg4+ 32. hxg4 Nd4+ 33. Bxd4 cxd4 34.
g5 Ke6 35. Kg4 g6 36. Rh3 Re2 37. Rh6 Rxc2 38. Rxg6+ Ke7 39. f5 Rf2 40. a6 bxa6
41. Rxa6 d3 42. f6+ Kf8 43. Rxa7 d2 44. Ra1 Kf7 45. b4 Kg6 46. b5 Rg2+ 47. Kf4
Rxg5 48. b6 Rf5+ 49. Ke3 Rxf6 50. Rb1 d1=R 51. Rxd1 Rxb6 52. Rxd5 1/2-1/2

[Event "Fujairah Global Superstar"]
[Site "Fujairah City UAE"]
[Date "2025.08.30"]
[Round "7.21"]
[White "Gorshtein, Ido"]
[Black "Kuzubov, Yuriy"]
[Result "1/2-1/2"]
[WhiteTitle "GM"]
[BlackTitle "GM"]
[WhiteElo "2571"]
[BlackElo "2600"]
[WhiteFideId "2815532"]
[BlackFideId "14112906"]
[EventDate "2025.08.25"]

1. d4 Nf6 2. c4 e6 3. Nc3 d5 4. cxd5 exd5 5. Bg5 c6 6. e3 Be7 7. Bd3 O-O 8. Qc2
Nbd7 9. Nge2 Re8 10. O-O Nf8 11. Rab1 a5 12. a3 h6 13. Bh4 Bd7 14. f3 b5 15. Bf2
Ne6 16. Ng3 Bf8 17. Kh1 b4 18. axb4 axb4 19. Na4 Qa5 20. b3 c5 21. Nxc5 Nxc5 22.
dxc5 Bxc5 23. Qd2 Qb6 24. Rfe1 g6 25. Rbc1 Ra5 26. Nf1 Be6 27. Bg3 Rea8 28. Bb1
Bd6 29. e4 Bxg3 30. Nxg3 dxe4 31. Nxe4 Nxe4 32. Rxe4 Rh5 33. Rxb4 Qa5 34. Rd4
Qxd2 35. Rxd2 Bxb3 36. Be4 1/2-1/2

[Event "Fujairah Global Superstar"]
[Site "Fujairah City UAE"]
[Date "2025.08.31"]
[Round "8.1"]
[White "Mishra, Abhimanyu"]
[Black "Pranav, V"]
[Result "1/2-1/2"]
[WhiteTitle "GM"]
[BlackTitle "GM"]
[WhiteElo "2610"]
[BlackElo "2597"]
[WhiteFideId "30920019"]
[BlackFideId "25060783"]
[EventDate "2025.08.25"]

1. d4 Nf6 2. c4 e6 3. Nc3 Bb4 4. a3 Bxc3+ 5. bxc3 Ne4 6. Nh3 f5 7. f3 Nf6 8. e4
fxe4 9. fxe4 d6 10. Bd3 e5 11. Ng5 Nc6 12. O-O h6 13. Nf3 O-O 14. c5 Qe8 15. d5
Na5 16. c4 dxc5 17. h3 b6 18. Bb2 Nd7 19. Qc2 Qe7 20. Qc3 Re8 21. Bc2 Ba6 22.
Nd2 Nb7 23. Ba4 Nd6 24. Bc6 Rad8 25. Rf3 Bb7 26. Ba4 a6 27. Bxd7 Rxd7 28. Raf1
Qh4 29. Rg3 Rf7 30. Rxf7 Nxf7 31. Rf3 Bc8 32. Rf1 Bd7 33. Kh2 Qg5 34. Qd3 Nd6
35. Bc1 Qh4 36. Bb2 Re7 37. Qg3 Qxg3+ 38. Kxg3 b5 39. Rc1 bxc4 40. Kf3 Bb5 41.
Ke3 c6 42. g4 cxd5 43. exd5 Rb7 44. Ne4 c3 45. Bxc3 Nc4+ 46. Kf2 Rd7 47. a4 Bxa4
48. Nxc5 Rf7+ 49. Kg3 Bb5 50. Re1 Re7 51. Ne6 Re8 52. Bxe5 Nxe5 53. Rxe5 Bc4 54.
Kf4 Bxd5 55. Nxg7 1/2-1/2

[Event "Fujairah Global Superstar"]
[Site "Fujairah City UAE"]
[Date "2025.08.31"]
[Round "8.2"]
[White "Tabatabaei, M. Amin"]
[Black "Hong, Andrew"]
[Result "1-0"]
[WhiteTitle "GM"]
[BlackTitle "GM"]
[WhiteElo "2673"]
[BlackElo "2580"]
[WhiteFideId "12521213"]
[BlackFideId "2099438"]
[EventDate "2025.08.25"]

1. e4 c5 2. Nf3 d6 3. d4 cxd4 4. Nxd4 Nf6 5. Nc3 a6 6. Be2 e5 7. Nb3 Be7 8. O-O
O-O 9. Re1 Be6 10. Bf3 h6 11. Be3 Qc7 12. h3 Rc8 13. a4 Nbd7 14. a5 b5 15. axb6
Nxb6 16. Na5 Rab8 17. Be2 Nc4 18. Nxc4 Bxc4 19. Bxc4 Qxc4 20. Bc1 Rb4 21. Re3
Qc6 22. Qe2 Rc4 23. Bd2 Qb7 24. b3 R4c6 25. Ra2 Bd8 26. Rg3 Bb6 27. Kh2 Bd4 28.
Nd5 Nxd5 29. Bxh6 g6 30. exd5 Rc3 31. Rxc3 Rxc3 32. Bd2 Rc8 33. Qf3 f5 34. c3
Bb6 35. c4 Bd4 36. Be3 Bxe3 37. Qxe3 f4 38. Qf3 Kg7 39. Qg4 Rf8 40. f3 Rf6 41.
b4 e4 42. fxe4 f3 43. gxf3 Qxb4 44. h4 Qxc4 45. Rg2 Qc3 46. h5 Qe5+ 47. Kh1 Qa1+
48. Kh2 Qe5+ 49. Rg3 Qb2+ 50. Kh3 Qc1 51. Kh2 Qb2+ 52. Kh1 Qa1+ 53. Rg1 Qc3 54.
f4 Qe3 55. f5 Kf8 56. fxg6 Qf3+ 57. Qxf3 Rxf3 58. Kg2 Re3 59. Rf1+ Kg7 60. Rf7+
Kh6 61. Rh7+ Kg5 62. g7 Kh4 63. g8=Q 1-0

[Event "Fujairah Global Superstar"]
[Site "Fujairah City UAE"]
[Date "2025.08.31"]
[Round "8.3"]
[White "Martinez Alcantara, Jose Eduardo"]
[Black "Sjugirov, Sanan"]
[Result "1/2-1/2"]
[WhiteTitle "GM"]
[BlackTitle "GM"]
[WhiteElo "2636"]
[BlackElo "2636"]
[WhiteFideId "3805662"]
[BlackFideId "4189302"]
[EventDate "2025.08.25"]

1. e4 e5 2. Nf3 Nc6 3. d4 exd4 4. Bc4 Nf6 5. e5 Ne4 6. Qe2 Nc5 7. c3 d3 8. Qe3
Be7 9. O-O a5 10. b3 d5 11. exd6 cxd6 12. Ba3 O-O 13. Nbd2 Bf5 14. Rad1 Bf6 15.
Bxc5 dxc5 16. Ne4 Bxe4 17. Qxe4 Bxc3 18. Bxd3 g6 19. Qc4 Bd4 20. Be4 Rc8 21.
Bxc6 Rxc6 22. Nxd4 cxd4 23. Qxd4 Qxd4 24. Rxd4 Rc2 25. a4 Rb2 26. Rd5 Rxb3 27.
Rxa5 Rd8 28. g3 Rd2 29. Rc5 b6 30. Rc4 b5 31. axb5 1/2-1/2

[Event "Fujairah Global Superstar"]
[Site "Fujairah City UAE"]
[Date "2025.08.31"]
[Round "8.4"]
[White "Jacobson, Brandon"]
[Black "Suleymanli, Aydin"]
[Result "1-0"]
[WhiteTitle "GM"]
[BlackTitle "GM"]
[WhiteElo "2594"]
[BlackElo "2609"]
[WhiteFideId "30901561"]
[BlackFideId "13413937"]
[EventDate "2025.08.25"]

1. c4 e6 2. Nc3 d5 3. d4 Nc6 4. Nf3 Nf6 5. cxd5 exd5 6. a3 h6 7. Bf4 Bd6 8. Bxd6
Qxd6 9. Qc2 g6 10. e3 Bf5 11. Qb3 O-O 12. Be2 a6 13. h3 Rfe8 14. O-O Kg7 15.
Rfc1 g5 16. Na4 b6 17. Nc3 Bc8 18. Qc2 Ne7 19. Bd3 Bb7 20. Ne2 Rac8 21. Ng3 c5
22. dxc5 bxc5 23. b4 c4 24. Bf5 Rcd8 25. Qc3 Kg8 26. Rd1 Bc8 27. Bc2 Nc6 28. Ba4
Ne4 29. Nxe4 Rxe4 30. Rac1 g4 31. Nd2 Re7 32. Nxc4 Qg6 33. Bc2 Qe6 34. hxg4 d4
35. Qd3 Kf8 36. Ba4 Bb7 37. Qf5 dxe3 38. Rxd8+ Nxd8 39. Nxe3 1-0

[Event "Fujairah Global Superstar"]
[Site "Fujairah City UAE"]
[Date "2025.08.31"]
[Round "8.5"]
[White "Nihal, Sarin"]
[Black "Zhu, Jiner"]
[Result "1-0"]
[WhiteTitle "GM"]
[BlackTitle "GM"]
[WhiteElo "2692"]
[BlackElo "2536"]
[WhiteFideId "25092340"]
[BlackFideId "8608059"]
[EventDate "2025.08.25"]

1. Nf3 Nf6 2. d4 e6 3. Bg5 d5 4. Nbd2 Be7 5. e3 h6 6. Bh4 b6 7. c3 Bb7 8. a4 Ba6
9. Bxa6 Nxa6 10. a5 O-O 11. axb6 axb6 12. Qe2 Qc8 13. Ne5 c6 14. O-O b5 15. Ra2
Re8 16. Rfa1 Bd6 17. Bxf6 gxf6 18. Ng4 Kg7 19. e4 f5 20. e5 Be7 21. Nf6 Bxf6 22.
exf6+ Kxf6 23. Nf3 Kg7 24. Ne5 f6 25. Nd3 Re7 26. Qh5 Kh7 27. Nf4 Rg7 28. Re1
Qg8 29. g3 Rg5 30. Qf3 Nc7 31. Rxa8 Qxa8 32. h4 Rg6 33. Nxe6 Nxe6 34. Rxe6 Qa1+
35. Kg2 Qb1 36. Rxc6 1-0

[Event "Fujairah Global Superstar"]
[Site "Fujairah City UAE"]
[Date "2025.08.31"]
[Round "8.6"]
[White "Zemlyanskii, Ivan"]
[Black "Shankland, Sam"]
[Result "1/2-1/2"]
[WhiteTitle "GM"]
[BlackTitle "GM"]
[WhiteElo "2586"]
[BlackElo "2670"]
[WhiteFideId "24249971"]
[BlackFideId "2004887"]
[EventDate "2025.08.25"]

1. c4 g6 2. e4 Bg7 3. d4 d6 4. Nc3 c5 5. Nge2 Nf6 6. dxc5 dxc5 7. Qxd8+ Kxd8 8.
Be3 b6 9. g3 Ng4 10. Rd1+ Nd7 11. Bf4 Ne5 12. Bg2 e6 13. b3 Bb7 14. O-O Ke7 15.
Be3 Rhd8 16. f4 Ng4 17. Bc1 f5 18. e5 Bxg2 19. Kxg2 g5 20. h3 Nh6 21. Ba3 Nf7
22. b4 Rdc8 23. Nb5 gxf4 24. gxf4 Bf8 25. bxc5 bxc5 26. Ned4 Nb6 27. Nb3 Ke8 28.
Na5 a6 29. Nc3 Nd8 30. Rb1 Rab8 31. Rb3 Kd7 32. Rfb1 Kc7 33. Bc1 Nc6 34. Nxc6
Kxc6 35. Na4 1/2-1/2

[Event "Fujairah Global Superstar"]
[Site "Fujairah City UAE"]
[Date "2025.08.31"]
[Round "8.7"]
[White "Theodorou, Nikolas"]
[Black "Donchenko, Alexander"]
[Result "0-1"]
[WhiteTitle "GM"]
[BlackTitle "GM"]
[WhiteElo "2646"]
[BlackElo "2616"]
[WhiteFideId "4262875"]
[BlackFideId "24603295"]
[EventDate "2025.08.25"]

1. d4 Nf6 2. c4 e6 3. Nc3 Bb4 4. e3 O-O 5. Bd3 c5 6. Ne2 cxd4 7. exd4 d5 8. cxd5
Qxd5 9. O-O Qh5 10. Bf4 Nc6 11. Qb3 Be7 12. Rad1 b6 13. Bb1 Ba6 14. Rfe1 Rfd8
15. Qa4 Bb7 16. a3 Rac8 17. h3 Qa5 18. Qb3 g6 19. Be3 Nd5 20. Nxd5 Qxd5 21. Qxd5
exd5 22. Nc3 Na5 23. Bf4 Rd7 24. Bd3 Nc4 25. Rc1 Bf8 26. Nd1 f6 27. b3 Bxa3 28.
Rc2 Bd6 29. Bh6 Bb4 30. Ree2 Nd6 31. Rxc8+ Bxc8 32. Ne3 Bb7 33. Ng4 Kf7 34. Bg5
Rc7 35. Bh4 Ne4 36. Bxe4 dxe4 37. d5 Bd6 38. f4 f5 39. Ne5+ Bxe5 40. fxe5 Bxd5
41. b4 Rc4 42. b5 Ke6 43. Kh2 Rc5 44. Rb2 Kxe5 45. Bf2 Rc3 46. Rb4 Rc4 47. Rb2
f4 48. Bh4 e3 49. Bg5 Kf5 50. h4 Re4 0-1

[Event "Fujairah Global Superstar"]
[Site "Fujairah City UAE"]
[Date "2025.08.31"]
[Round "8.8"]
[White "Cheparinov, Ivan"]
[Black "Daneshvar, Bardiya"]
[Result "1/2-1/2"]
[WhiteTitle "GM"]
[BlackTitle "GM"]
[WhiteElo "2625"]
[BlackElo "2625"]
[WhiteFideId "2905540"]
[BlackFideId "12576468"]
[EventDate "2025.08.25"]

1. d4 d5 2. c4 e6 3. Nf3 Nf6 4. g3 dxc4 5. Bg2 Nc6 6. Qa4 Bb4+ 7. Bd2 Nd5 8.
Bxb4 Nxb4 9. O-O Rb8 10. Na3 a6 11. Ne5 O-O 12. Nxc6 Nxc6 13. Qxc4 Qxd4 14. Bxc6
Qxc4 15. Nxc4 bxc6 16. b3 Rb5 17. Rfd1 f6 18. Rac1 Rd5 19. Ne3 Rxd1+ 20. Rxd1
Kf7 21. Kf1 Ke7 22. Rc1 Bd7 23. Rc5 Rb8 24. Ra5 Bc8 25. Ke1 Rb5 26. Ra4 c5 27.
Nc4 Kd7 28. Kd2 Rb4 29. Ra5 Kc6 30. f4 h6 31. h4 Rb5 32. Ra4 Kb7 33. Kc3 Bd7 34.
e4 h5 35. Nb2 Rb6 36. Rc4 e5 37. Nd3 Bb5 38. Rxc5 Bxd3 39. Kxd3 Re6 40. b4 c6
41. a3 Kb6 42. Ke3 Kc7 43. Ra5 Kb6 44. Rc5 Kc7 45. fxe5 fxe5 46. Kf2 Re8 47. Ra5
Kb6 48. Kg2 Re6 49. Kh3 Re8 50. g4 g6 51. Kg3 Re7 52. Kh3 Re8 53. Kg3 Re7 54.
Kh3 1/2-1/2

[Event "Fujairah Global Superstar"]
[Site "Fujairah City UAE"]
[Date "2025.08.31"]
[Round "8.9"]
[White "Pichot, Alan"]
[Black "Pranesh, M"]
[Result "1-0"]
[WhiteTitle "GM"]
[BlackTitle "GM"]
[WhiteElo "2581"]
[BlackElo "2589"]
[WhiteFideId "110973"]
[BlackFideId "35028600"]
[EventDate "2025.08.25"]

1. e4 e5 2. Nf3 Nc6 3. Bc4 Nf6 4. d3 Bc5 5. c3 a6 6. O-O d6 7. a4 Ba7 8. b4 h6
9. Nbd2 g5 10. b5 Na5 11. Ba2 Bg4 12. d4 exd4 13. cxd4 Bxd4 14. Rb1 Nd7 15. h3
Bxf3 16. Nxf3 Bg7 17. Nd4 axb5 18. f4 gxf4 19. Bxf4 Nc6 20. Ne6 fxe6 21. Qh5+
Ke7 22. Bg5+ Nf6 23. Rxf6 1-0

[Event "Fujairah Global Superstar"]
[Site "Fujairah City UAE"]
[Date "2025.08.31"]
[Round "8.10"]
[White "Puranik, Abhimanyu"]
[Black "Aditya, Mittal"]
[Result "1/2-1/2"]
[WhiteTitle "GM"]
[BlackTitle "GM"]
[WhiteElo "2635"]
[BlackElo "2560"]
[WhiteFideId "5061245"]
[BlackFideId "35042025"]
[EventDate "2025.08.25"]

1. d4 d5 2. Nf3 Nf6 3. g3 e6 4. Bg2 Be7 5. O-O O-O 6. a3 Nbd7 7. c4 dxc4 8. Nbd2
Nb6 9. a4 c5 10. a5 Nbd5 11. Nxc4 Bd7 12. Nfe5 Bb5 13. Qb3 Ba6 14. e4 Nb4 15. d5
exd5 16. exd5 Nd7 17. Nxd7 Qxd7 18. Re1 Bf6 19. Bf4 Rad8 20. Be5 Bxe5 21. Rxe5
Rfe8 22. Rxe8+ Rxe8 23. Ne3 Bd3 24. Qc3 b6 25. axb6 axb6 26. Rd1 Be4 27. Bxe4
Rxe4 28. d6 Nc6 29. Qb3 Rd4 30. Rxd4 cxd4 31. Nc4 Qe6 32. Qa3 Qe1+ 33. Kg2 Qe4+
34. Qf3 f5 35. Nxb6 Kf7 36. Nc4 Ke6 37. Qxe4+ fxe4 38. Nd2 Kxd6 39. Nxe4+ Kd5
40. Nd2 Ne5 41. Kf1 d3 42. f3 Kd4 43. Kf2 g5 44. h3 Nc6 45. Nb3+ Kc4 46. Nd2+
Kd4 47. f4 gxf4 48. gxf4 Ne7 49. Kf3 h5 50. Nb3+ Kc4 51. Nd2+ Kd4 52. Nf1 Nf5
53. Nd2 1/2-1/2

[Event "Fujairah Global Superstar"]
[Site "Fujairah City UAE"]
[Date "2025.08.31"]
[Round "8.11"]
[White "Lu, Shanglei"]
[Black "Volokitin, Andrei"]
[Result "1-0"]
[WhiteTitle "GM"]
[BlackTitle "GM"]
[WhiteElo "2647"]
[BlackElo "2628"]
[WhiteFideId "8603332"]
[BlackFideId "14107090"]
[EventDate "2025.08.25"]

1. e4 c5 2. Nc3 d6 3. d4 cxd4 4. Qxd4 Nc6 5. Qd2 Nf6 6. b3 e6 7. Bb2 d5 8. exd5
exd5 9. O-O-O Be6 10. Nge2 Qa5 11. f3 Bb4 12. Kb1 O-O 13. Qg5 h6 14. Qg3 Kh8 15.
Nb5 Qxb5 16. Bxf6 gxf6 17. Nf4 Qc5 18. Qh4 Kh7 19. Bd3+ f5 20. g4 Qe7 21. Qh3
Qg5 22. Qg3 Kh8 23. gxf5 Bxf5 24. Bxf5 Qxf5 25. Rxd5 Qf6 26. Nh5 Qg6 27. Nf4
Qxg3 28. hxg3 Rfd8 29. Rb5 Rd7 30. Rxh6+ Kg7 31. Rh1 Rad8 32. Rg5+ Kf6 33. Rhh5
Ne7 34. Nd3 Bc3 35. Rc5 Rc8 36. Rxc8 Nxc8 37. Rc5 Bd4 1-0

[Event "Fujairah Global Superstar"]
[Site "Fujairah City UAE"]
[Date "2025.08.31"]
[Round "8.12"]
[White "Narayanan, S.L."]
[Black "Salem, A.R. Saleh"]
[Result "1-0"]
[WhiteTitle "GM"]
[BlackTitle "GM"]
[WhiteElo "2595"]
[BlackElo "2640"]
[WhiteFideId "5058422"]
[BlackFideId "9301348"]
[EventDate "2025.08.25"]

1. Nf3 d5 2. d4 e6 3. c4 Nf6 4. Nc3 c6 5. e3 Nbd7 6. Be2 Bd6 7. O-O O-O 8. b3 b6
9. Bb2 Bb7 10. Bd3 c5 11. cxd5 exd5 12. Rc1 Qe7 13. Ne2 a6 14. Ng3 g6 15. Rc2
Rfe8 16. a4 Ne4 17. Be2 Rad8 18. a5 bxa5 19. Qa1 Rc8 20. Qxa5 h5 21. Rfc1 Nxf2
22. Kxf2 Qxe3+ 23. Kf1 c4 24. Qd2 Qxd2 25. Nxd2 h4 26. Nh1 Bf4 27. g3 Bh6 28.
Rd1 Bc6 29. gxh4 Bb5 30. Ng3 Bf4 31. Rc3 Rb8 32. Ba3 Nf6 33. Bc1 Be3 34. Nde4
dxe4 35. Rxe3 cxb3 36. Bxb5 Rxb5 37. Re2 a5 38. Bb2 e3 39. d5 Nxd5 40. h5 Nf4
41. Rxe3 Rf8 42. hxg6 fxg6 43. Rf3 a4 44. Ba3 b2 45. Rb1 Rf7 46. Rxb2 Rxb2 47.
Bxb2 Nd3 48. Rxf7 Kxf7 49. Ba3 Ke6 50. Ne4 Kf5 51. Nc3 Kg4 52. Nxa4 Kh3 53. Bd6
g5 54. Nc3 Kg4 55. Ke2 Nc1+ 56. Ke3 Nb3 57. Ne4 Na5 58. Kf2 Kf5 59. Ng3+ Kg4 60.
Kg2 Nc4 61. Bc5 Ne5 62. Be3 Nc4 63. Bc1 Nd6 64. Nf1 Kh4 65. Nd2 Kg4 66. Nf1 Kh4
67. Be3 Kg4 68. Bf2 Nf7 69. Bg3 Kf5 70. Kf3 Nh6 71. Ne3+ Kg6 72. Ke4 Kh5 73. Nf5
Nf7 74. Kd5 Kg6 75. Nd6 Nh6 76. Ke6 Ng4 77. Nf5 Nxh2 78. Bxh2 Kh5 79. Ke5 Kg4
80. Ke4 Kh5 81. Kf3 Kg6 82. Kg4 Kf6 83. Bg3 Kg6 84. Be5 Kf7 85. Kxg5 Ke6 86. Kf4
Kd5 87. Bd4 Kc6 88. Ke4 Kd7 89. Kd5 Kc7 90. Bc5 Kb7 91. Nd6+ Kc7 92. Nc4 Kb7 93.
Bd6 Ka7 94. Kc6 Ka8 95. Nb6+ Ka7 96. Be5 Ka6 97. Bb8 Ka5 98. Nd5 Ka4 99. Kc5 Kb3
100. Nb4 Kb2 101. Bf4 Kc3 102. Be3 Kb3 103. Bd2 Ka4 104. Nc6 Kb3 105. Nd4+ Ka4
106. Kc4 Ka3 107. Kb5 Ka2 108. Bc1 Kb1 109. Ba3 Ka1 110. Kb4 Ka2 111. Ne2 Kb1
112. Kb3 Ka1 113. Bb2+ Kb1 114. Nc3# 1-0

[Event "Fujairah Global Superstar"]
[Site "Fujairah City UAE"]
[Date "2025.08.31"]
[Round "8.13"]
[White "Grebnev, Aleksey"]
[Black "Dudin, Gleb"]
[Result "1/2-1/2"]
[WhiteTitle "GM"]
[BlackTitle "GM"]
[WhiteElo "2595"]
[BlackElo "2583"]
[WhiteFideId "34189030"]
[BlackFideId "34184934"]
[EventDate "2025.08.25"]

1. Nf3 d5 2. g3 Nf6 3. Bg2 e6 4. O-O Be7 5. c4 O-O 6. b3 b6 7. cxd5 Nxd5 8. Bb2
Bb7 9. d4 Nd7 10. Re1 b5 11. Nc3 Nxc3 12. Bxc3 b4 13. Bb2 c5 14. dxc5 Nxc5 15.
Ne5 Bxg2 16. Kxg2 Qc7 17. Nc4 Rfd8 18. Qc2 a5 19. Red1 a4 20. Be5 Qc6+ 21. f3
Qa6 22. Rxd8+ Rxd8 23. Rd1 Rxd1 24. Qxd1 axb3 25. axb3 h5 26. Bd4 Nb7 27. Qc2
Nd6 28. Nxd6 Bxd6 29. Bf2 Be5 30. Qe4 Bc3 31. h3 f5 1/2-1/2

[Event "Fujairah Global Superstar"]
[Site "Fujairah City UAE"]
[Date "2025.08.31"]
[Round "8.14"]
[White "Muradli, Mahammad"]
[Black "Motylev, Alexander"]
[Result "1-0"]
[WhiteTitle "GM"]
[BlackTitle "GM"]
[WhiteElo "2586"]
[BlackElo "2595"]
[WhiteFideId "13409301"]
[BlackFideId "4121830"]
[EventDate "2025.08.25"]

1. d4 Nf6 2. c4 e6 3. Nf3 d5 4. Nc3 h6 5. Bf4 c5 6. e3 cxd4 7. exd4 Nc6 8. a3
Be7 9. c5 Ne4 10. Qc2 Qa5 11. Bd2 Nxd2 12. Qxd2 O-O 13. Be2 Qd8 14. b4 b6 15.
O-O bxc5 16. dxc5 a6 17. Na4 Rb8 18. Nb6 Bb7 19. Rac1 Qc7 20. a4 a5 21. bxa5
Rfd8 22. Bb5 Bf6 23. Rfe1 Na7 24. Qe2 Bc6 25. a6 d4 26. Bd3 Be7 27. Qe5 Rbc8 28.
Nxc8 Qxc8 29. Nxd4 Ba8 30. Nf5 exf5 31. Qxe7 Nc6 32. Qe3 Nd4 33. Bb5 Be4 34.
Red1 Nc2 35. Qc3 f4 36. Rxd8+ Qxd8 37. f3 Bf5 38. Rxc2 1-0

[Event "Fujairah Global Superstar"]
[Site "Fujairah City UAE"]
[Date "2025.08.31"]
[Round "8.15"]
[White "Hakobyan, Aram"]
[Black "Ivanchuk, Vasyl"]
[Result "0-1"]
[WhiteTitle "GM"]
[BlackTitle "GM"]
[WhiteElo "2625"]
[BlackElo "2623"]
[WhiteFideId "13306677"]
[BlackFideId "14100010"]
[EventDate "2025.08.25"]

1. e4 c5 2. Nf3 d6 3. d4 cxd4 4. Nxd4 Nf6 5. Nc3 a6 6. Be3 Ng4 7. Bc1 Nf6 8. Be3
Ng4 9. Bg5 h6 10. Bc1 Nf6 11. Bd3 e6 12. O-O Bd7 13. Kh1 Nc6 14. Nde2 g5 15. Ng3
g4 16. f4 h5 17. Be3 h4 18. Nge2 b5 19. a3 Qc7 20. Qd2 Be7 21. Rad1 Rc8 22. Kg1
Rg8 23. Qe1 b4 24. axb4 Nxb4 25. Bd4 h3 26. g3 e5 27. Be3 Qb7 28. Qf2 Be6 29.
Rd2 Nd7 30. b3 Nc5 31. fxe5 dxe5 32. Bc4 Rg7 33. Bh6 Nxe4 34. Nxe4 Qxe4 35. Bxe6
fxe6 36. Bxg7 Bc5 37. Nd4 Bxd4 38. Rxd4 Qxd4 39. c4 Nc6 40. Bh6 Qxf2+ 41. Rxf2
Nd4 42. Rf8+ Kd7 43. Rf7+ Kc6 44. b4 Rb8 45. Bf8 Nf3+ 46. Kf2 Ng5 47. Rg7 Rxf8+
48. Ke2 Rf5 49. c5 Nf3 50. Ra7 Nxh2 51. Rxa6+ Kd5 52. Rd6+ Kc4 53. c6 Rf8 54.
Rxe6 Nf3 55. Rh6 Kxb4 56. Ke3 Kc5 57. c7 Rc8 0-1